000 00952nam a2200253 a 4500
001 000027384
005 20240308073618.0
008 110331s2002 dr 000 0 spa d
020 _a9993430471
040 _aDO-SdBNP
_bspa
_cBNPHU
082 _a972.9402
_bD325r
100 1 _aDeive, Carlos Esteban,
_d1935-2019
_91916
245 1 0 _aRebeldes y marginados :
_bensayos históricos /
_cCarlos Esteban Deive.
260 _aSanto Domingo :
_bBanco Central de la República Dominicana,
_c2002.
300 _a148 P. ;
_c23 CM.
490 1 _aBanco Central de la República Dominicana
_v55
490 1 _aCiencias sociales
_v11
500 _aIncluye datos biográficos del autor en las solapas
504 _aIncluye referencias bibliográficas y notas al pie de las páginas
650 4 _aRepública dominicana
_xHistoria
_9416
830 0 _aBanco Central de la República Dominicana
_n55
_954457
830 0 _aCiencias sociales
_n11
_954458
049 _aBNPD
999 _c26876
_d26876